Bulgarian Journal of International Economics and Politics

Guardado en:
Detalles Bibliográficos
Formato: Seriadas
Publicado: Sofia UNWE Publishing Complex
Etiquetas: Agregar Etiqueta
Sin Etiquetas, Sea el primero en etiquetar este registro!

MARC

LEADER 00000nas1a2200000 4500
001 0302972
005 20240708085228.2
022 |a 2815-2751 
022 |a 2815-2875 
245 1 0 |a Bulgarian Journal of International Economics and Politics 
264 1 |a Sofia  |b UNWE Publishing Complex